Homewrecker (All Lyrics) - Sombr - Statistics

General Stats
  • This quiz has been taken 145 times
  • The average score is 285 of 371
Answer Stats
Answer % Correct
a
100%
You
97%
you
97%
you,
97%
I
95%
The
95%
the
95%
be
93%
Do
93%
When
93%
when
93%
don't
92%
wanna
91%
home
89%
just
87%
Just
87%
like
87%
to
87%
better,
86%
better
86%
cigarette
86%
Oh,
86%
(Oh,
86%
drunk
84%
love
84%
your
84%
homewrecker
83%
on
83%
talk
83%
yeah
82%
yeah)
82%
down
80%
know
80%
we
80%
We
80%
another
79%
hit
79%
in
79%
can
78%
feeling
78%
see
78%
and
76%
And
76%
for
76%
lover,
75%
lover
75%
life?
74%
me
74%
broken
72%
plans
72%
go
71%
am
70%
record
70%
with
70%
With
70%
my
66%
light
64%
got
63%
of
63%
'Cause
62%
fire
62%
escape
61%
tonight
61%
night
59%
regret
58%
amplified
55%
more
55%
sit
55%
At
54%
never
54%
romance
54%
By
53%
end
53%
always
51%
dawn
51%
Then
51%
then
51%
leave
50%
meant
50%
things
50%
bed
49%
kiss
49%
there
49%
up
49%
why
49%
floor
47%
say
47%
one
46%
open
46%
saying
46%
about
45%
myself
45%
till
45%
filled
43%
find
43%
no
43%
No
43%
wondering
42%
wrongs
42%
is
39%
yours,
37%
yours
37%
Ooh
36%
Before
33%
I'm
30%
rhythm
30%
contemplate
29%
lay
29%
rhyme
28%
round
28%
astrology
24%
friends
24%
bored,
20%
how
20%
even
18%
opinions
14%
peace
14%
made
13%
poor,
13%
formulate
11%
Or
9%
No matching quizzes found
Score Distribution
Percent of People with Each Score
Percentile by Number Answered
Your Score History
You have not taken this quiz